Diseño y evaluación por competencia del análisis combinatorio para los estudiantes de cuarto de media del Liceo Jaime Molina Mota, Villa Tapia / (Record no. 14191)

MARC details
000 -LEADER
campo de control de longitud fija 01559nmm a2200337 4500
001 - NÚMERO DE CONTROL
campo de control 57792
003 - IDENTIFICADOR DE NÚMERO DE CONTROL
campo de control Biblioteca APEC
005 - FECHA Y HORA DE LA ÚLTIMA TRANSACCIÓN
campo de control 20251014103517.0
008 - DATOS DE LONGITUD FIJA--INFORMACIÓN GENERAL
campo de control de longitud fija 221015b2018 dr ||||| |||| 00| 0 spa d
040 ## - FUENTE DE CATALOGACIÓN
Centro catalogador/agencia de origen Biblioteca UNAPEC
Lengua de catalogación spa
Centro/agencia transcriptor Biblioteca APEC
Normas de descripción rda
041 ## - CÓDIGO DE IDIOMA
Código de lengua del texto/banda sonora o título independiente spa
072 ## - CÓDIGO DE CATEGORÍA DE MATERIA
Código de categoría de materia Facultad de Humanidades
090 ## - LOCALMENTE ASIGNADO TIPO-LC NÚMERO DE CLASIFICACIÓN (OCLC); NÚMERO DE CLASIFICACIÓN LOCAL (RLIN)
Número de clasificación (OCLC) (R) ; Numero de clasificación, CALL (RLIN) (NR) eT TPG-CI MMM-12 2018
100 10 - ENTRADA PRINCIPAL--NOMBRE DE PERSONA
Nombre de persona Rodríguez Gil, Yanile María
Término indicativo de función/relación autor
9 (RLIN) 111125
245 10 - MENCIÓN DEL TÍTULO
Título Diseño y evaluación por competencia del análisis combinatorio para los estudiantes de cuarto de media del Liceo Jaime Molina Mota, Villa Tapia /
Mención de responsabilidad, etc. Yanile María Rodríguez Gil ; asesor: Santiago de Jesús Artidiello Moreno
260 ## - PUBLICACIÓN, DISTRIBUCIÓN, ETC.
Lugar de publicación, distribución, etc. Santo Domingo :
Nombre del editor, distribuidor, etc. Universidad APEC,
Fecha de publicación, distribución, etc. 2018
300 ## - DESCRIPCIÓN FÍSICA
Extensión 1 CD ROM
336 ## - TIPO DE CONTENIDO
Término de tipo de contenido Texto
Código de tipo de contenido txt
Fuente rdacontent
337 ## - TIPO DE MEDIO
Nombre/término del tipo de medio ordenador
Código del tipo de medio c
Fuente rdamedia
338 ## - TIPO DE SOPORTE
Nombre/término del tipo de soporte recurso en línea
Código del tipo de soporte cr
Fuente rdacarrier
500 ## - NOTA GENERAL
Nota general Tesis en Formato PDF.<br/>Tesis en Formato Electrónico.<br/>Tesis en Formato Digital.
502 ## - NOTA DE TESIS
Nota de tesis Tesis (Maestría en la Enseñanza de Matemática Media-Superior) - Universidad APEC, 2018
650 #7 - PUNTO DE ACCESO ADICIONAL DE MATERIA--TÉRMINO DE MATERIA
Fuente del encabezamiento o término lemb
Término de materia o nombre geográfico como elemento de entrada Análisis combinatorio
9 (RLIN) 20982
650 #7 - PUNTO DE ACCESO ADICIONAL DE MATERIA--TÉRMINO DE MATERIA
Fuente del encabezamiento o término lemb
Término de materia o nombre geográfico como elemento de entrada Matemáticas
Subdivisión general Enseñanza
9 (RLIN) 111126
650 #7 - PUNTO DE ACCESO ADICIONAL DE MATERIA--TÉRMINO DE MATERIA
Fuente del encabezamiento o término lemb
Término de materia o nombre geográfico como elemento de entrada Análisis matemático
9 (RLIN) 111127
650 #7 - PUNTO DE ACCESO ADICIONAL DE MATERIA--TÉRMINO DE MATERIA
Fuente del encabezamiento o término lemb
Término de materia o nombre geográfico como elemento de entrada Combinaciones (Matemáticas)
9 (RLIN) 111128
700 #0 - ENTRADA AGREGADA--NOMBRE PERSONAL
Nombre de persona Artidiello Moreno, Santiago de Jesús
Término indicativo de función/relación asesor
9 (RLIN) 89610
856 ## - LOCALIZACIÓN Y ACCESO ELECTRÓNICOS
Identificador Uniforme de Recurso <a href="https://bibliotecaunapec.blob.core.windows.net/tesis/TPG_C1_MMM_12_2018_eT220441.pdf">https://bibliotecaunapec.blob.core.windows.net/tesis/TPG_C1_MMM_12_2018_eT220441.pdf</a>
Texto de enlace Hacer clic para ver el PDF (1.69 MB). Trabajo de posgrado
912 ## -
-- AJRP
-- AJIM
942 ## - ELEMENTOS DE ENTRADA SECUNDARIOS (KOHA)
Fuente de la clasificación o esquema de estantería Clasificación Decimal Dewey
Tipo de ítem Koha

No items available.

© 2024. Todos los Derechos Reservados. Desarrollado por IDEICE